000 00460nam a2200193Ia 4500
003 0100
008 130303s9999 xx 000 0 und d
040 _cARRUPELIB
050 _aBS195.K743
100 _aKnight, David
245 _aLiving God's word
245 _breflections on the weekley gospels
260 _aCincinati
260 _bSt. Anthony Messenger Press
260 _C1999
650 _bChristianity
700 _aDavid Knight
942 0 0 _01
999 _c17154
_d17154